000 01220nam0a22002891 4500
001 rc\3323396
005 20260407185936.0
021 _aRU
_b74-13235
021 _aRU
_bРг3227-74
035 _a(NLR Aleph) 007421174
090 _a6917162
_c6917162
100 _a20130115d1973 |||y0rusy50 ca
101 0 _arus
102 _aRU
105 _ay c |||||
200 1 _aИнструктивно-методическое указание "Выращивание ранних огурцов под пленкой"
_fОм. обл. станция юных натуралистов и опытников сел. хоз-ва
210 _aОмск
_cБ. и.
_d1973
215 _a7 с.
_d20
300 _aВ конце текста сост.: С. Бадрутдинова
532 1 3 _aИнструктивно-методическое указание Выращивание ранних огурцов под пленкой
702 1 _aБадрутдинова
_bС.
_4220
712 0 2 _aОмская областная станция юных натуралистов
_9742989
_3RU\NLR\AUTH\8810122511
801 0 _aRU
_bNLR
_gpsbo
801 1 _aRU
_bELAR
_2rusmarc
852 _aNLR
_j73-4/47545
942 _cBOOK
980 _aNB